All Short 'n Sweet (Deluxe) Songs - Sabrina Carpenter - Statistics

General Stats
  • This quiz has been taken 186 times
    83 since last reset
  • The average score is 15 of 17
Answer Stats
# Song % Correct
16 Busy Woman
98%
2 Please Please Please
97%
14 Please Please Please (feat. Dolly Parton)
97%
1 Taste
97%
7 Espresso
95%
10 Juno
95%
3 Good Graces
92%
11 Lie To Girls
92%
13 15 Minutes
90%
17 Bad Reviews
89%
6 Bed Chem
85%
12 Don't Smile
85%
5 Coincidence
84%
9 Slim Pickins
84%
8 Dumb & Poetic
82%
4 Sharpest Tool
82%
15 Couldn't Make It Any Harder
81%
No matching quizzes found
Score Distribution
Percent of People with Each Score
Percentile by Number Answered
Your Score History
You have not taken this quiz since the last reset